[Event "SV Empor Berlin-SV Stuttgart-Wolfbusch"]
[Site "?"]
[Date "2007.12.28"]
[Round "4.4"]
[White "Scheinhütte, Jakob"]
[Black "Baumann, Oliver"]
[Result "1-0"]
[WhiteElo "927"]
[BlackElo "888"]
[PlyCount "55"]
[EventDate "2007.??.??"]

1. e4 e5 2. Nf3 Nc6 3. Bc4 Be7 4. Nc3 Nf6 5. d3 O-O 6. Bg5 b6 7. Qd2 Bb7 8.
O-O-O a5 9. h4 a4 10. a3 Ra5 11. g4 Nxg4 12. Bxe7 Qxe7 13. Rdg1 Nf6 14. Rg2
Rfa8 15. Qg5 Kf8 16. Qxg7+ Ke8 17. Rhg1 Kd8 18. Qh8+ Qe8 19. Qxf6+ Kc8 20. Rg8
Qd8 21. Rxd8+ Nxd8 22. Rg8 Kb8 23. Rxd8+ Ka7 24. Nb5+ Ka6 25. Nxc7+ Ka7 26.
Nxa8 Bxa8 27. Qd6 Rc5 28. Qb8# 1-0

[Event "SF Baiertal-Schatthausen-SV Unterkochen"]
[Site "?"]
[Date "2007.12.28"]
[Round "4.1"]
[White "Zoller, Philipp"]
[Black "Herbst, Matthew"]
[Result "0-1"]
[WhiteElo "1049"]
[BlackElo "1153"]
[PlyCount "50"]
[EventDate "2007.??.??"]

1. e4 e5 2. Nf3 Nc6 3. Bc4 Nf6 4. Ng5 d5 5. exd5 Na5 6. Bb5+ c6 7. dxc6 bxc6 8.
Be2 h6 9. Nf3 e4 10. Ne5 Bc5 11. a3 Qd4 12. O-O Qxe5 13. Nc3 Bd6 14. g3 Bh3 15.
Re1 O-O 16. d3 Rfd8 17. Bf3 Qe7 18. Nxe4 Re8 19. Nxf6+ Qxf6 20. Rxe8+ Rxe8 21.
Be3 Qxb2 22. Bxa7 Qf6 23. Bh1 c5 24. Qh5 Qxa1+ 25. Qd1 Qxd1# 0-1

[Event "SF Baiertal-Schatthausen-SV Unterkochen"]
[Site "?"]
[Date "2007.12.28"]
[Round "4.4"]
[White "Kurtz, Selina"]
[Black "Schmid, Bernd"]
[Result "1-0"]
[WhiteElo "838"]
[BlackElo "776"]
[PlyCount "29"]
[EventDate "2007.??.??"]

1. e4 e5 2. Nf3 Nc6 3. Bc4 Bc5 4. Nc3 Nf6 5. Ng5 O-O 6. O-O d6 7. Nd5 Bg4 8.
Nxf6+ Qxf6 9. Qxg4 h6 10. Nf3 Nd4 11. Nxd4 Bxd4 12. c3 Bc5 13. b4 Bb6 14. d3
Qg6 15. Qxg6 1-0

[Event "LSV Turm Lippstadt-SG Porz 47"]
[Site "?"]
[Date "2007.12.28"]
[Round "4.4"]
[White "Barkey, Thies"]
[Black "Priesmann, Dominik"]
[Result "0-1"]
[WhiteElo "1184"]
[BlackElo "796"]
[PlyCount "87"]
[EventDate "2007.??.??"]
[WhiteTeam "LSV Turm Lippstadt"]
[BlackTeam "SG Porz 47"]

1. e4 e5 2. Nf3 Nc6 3. Bc4 Nf6 4. d3 h6 5. Nbd2 d5 6. exd5 Nxd5 7. Bb5 Qf6 8.
Bxc6+ bxc6 9. Qe2 Bd6 10. d4 e4 11. Nxe4 Qe7 12. Nxd6+ cxd6 13. Qxe7+ Nxe7 14.
O-O O-O 15. Bf4 d5 16. Bd6 Re8 17. Rfe1 Be6 18. b3 Nf5 19. Bc5 a6 20. g4 Ne7
21. h3 Ng6 22. Kh2 Bd7 23. Kg3 f5 24. Bd6 Re6 25. Rxe6 Bxe6 26. Nh4 Nxh4 27.
Kxh4 g5+ 28. Kg3 f4+ 29. Kf3 Re8 30. Rh1 Kg7 31. h4 Kg6 32. hxg5 hxg5 33. Be5
a5 34. Rh8 Re7 35. Rg8+ Bxg8 36. Bd6 Rh7 37. Ke2 Rh3 38. Bc7 Be6 39. f3 Bc8 40.
Bxa5 Ba6+ 41. Kf2 Rh2+ 42. Ke1 Rxc2 43. a4 Be2 44. Bd2 0-1

[Event "SC Forchheim-SC Reti Heusweiler"]
[Site "?"]
[Date "2007.12.29"]
[Round "5.3"]
[White "Holle, Cedric"]
[Black "Stephan, Michael"]
[Result "1-0"]
[WhiteElo "1261"]
[BlackElo "1726"]
[PlyCount "73"]
[EventDate "2007.??.??"]
[WhiteTeam "SC Reti Heusweiler"]
[BlackTeam "SC Forchheim"]

1. e4 e5 2. Nc3 Nf6 3. f4 d5 4. fxe5 Nxe4 5. d3 Nxc3 6. bxc3 Be7 7. Nf3 O-O 8.
d4 f6 9. Bd3 fxe5 10. Nxe5 Qe8 11. Rf1 c5 12. Rxf8+ Bxf8 13. Bf4 Nc6 14. Qf3
Be6 15. O-O-O cxd4 16. Nxc6 bxc6 17. cxd4 Ba3+ 18. Kd2 Bb4+ 19. c3 Ba3 20. Re1
Qf7 21. Qe3 Re8 22. Be5 Bf8 23. Qg5 Qe7 24. Qxe7 Bxe7 25. Bf4 Bf8 26. Rb1 Re7
27. Rb8 Rd7 28. Ba6 Kf7 29. Bc8 Re7 30. Bd6 Re8 31. Bxe6+ Rxe6 32. Rxf8+ Kg6
33. Be5 Re7 34. Rc8 Rb7 35. Kc2 Rf7 36. Rxc6+ Kh5 37. Bg3 1-0

[Event "Weisse Dame Hamburg-TuS Makkabi Berlin"]
[Site "?"]
[Date "2007.12.29"]
[Round "5.1"]
[White "Galkin, Wladislaw"]
[Black "Pfeiffer, Daniel"]
[Result "1-0"]
[WhiteElo "1737"]
[BlackElo "1670"]
[PlyCount "87"]
[EventDate "2007.??.??"]
[WhiteTeam "TuS Makkabi Berlin"]
[BlackTeam "Weisse Dame Hamburg"]

1. d4 Nf6 2. c4 g6 3. Nc3 Bg7 4. e4 d6 5. Be2 O-O 6. Bg5 c5 7. d5 b5 8. cxb5 a6
9. a4 Qa5 10. Bd2 Qc7 11. f3 Bd7 12. Bc4 Be8 13. Nge2 Nfd7 14. O-O Ne5 15. Qb3
Nbd7 16. f4 Nxc4 17. Qxc4 Nb6 18. Qb3 axb5 19. Nxb5 Bxb5 20. axb5 Ra7 21. Bc3
Rfa8 22. Rxa7 Qxa7 23. Bxg7 Kxg7 24. Nc3 c4 25. Qc2 Nxd5+ 26. Qf2 Qxf2+ 27.
Rxf2 Nxc3 28. bxc3 Rb8 29. Rb2 e6 30. Kf2 d5 31. Ke3 Kf6 32. Kd4 dxe4 33. Kxe4
Ke7 34. Kd4 Kd6 35. Kxc4 Rc8+ 36. Kb4 Kc7 37. Rd2 h5 38. c4 Ra8 39. c5 Ra1 40.
b6+ Kc8 41. Kb5 Rb1+ 42. Kc6 Rb3 43. b7+ Rxb7 44. Rd8+ 1-0

[Event "Weisse Dame Hamburg-TuS Makkabi Berlin"]
[Site "?"]
[Date "2007.12.29"]
[Round "5.3"]
[White "Wagner, Christian"]
[Black "Schaeffer, Philipp"]
[Result "1-0"]
[WhiteElo "1451"]
[BlackElo "1234"]
[PlyCount "69"]
[EventDate "2007.??.??"]
[WhiteTeam "TuS Makkabi Berlin"]
[BlackTeam "Weisse Dame Hamburg"]

1. e4 c5 2. Nf3 d6 3. c3 Nc6 4. d4 Nf6 5. Bd3 Bg4 6. Be3 Qb6 7. Qb3 Qxb3 8.
axb3 Bxf3 9. gxf3 cxd4 10. cxd4 Nb4 11. Bb5+ Nd7 12. Kd2 Nc6 13. Nc3 g6 14. f4
Bg7 15. Ne2 a6 16. d5 Ncb8 17. Bd4 O-O 18. Bd3 e5 19. Bc3 Nc5 20. Bc2 Nbd7 21.
b4 Nxe4+ 22. Bxe4 f5 23. Bc2 Bh6 24. Kd1 exf4 25. Bd2 f3 26. Bxh6 fxe2+ 27.
Kxe2 Rfe8+ 28. Kd1 Re5 29. Bb3 Rae8 30. Bd2 Nb6 31. Re1 Kf8 32. Rxe5 dxe5 33.
Be3 Nxd5 34. Bh6+ Ke7 35. Bxd5 1-0

[Event "LSV Turm Lippstadt-SF Köln-Mülheim"]
[Site "?"]
[Date "2007.12.29"]
[Round "5.3"]
[White "Eigemann, Julian"]
[Black "Scheer, Maximilian"]
[Result "1-0"]
[WhiteElo "1508"]
[BlackElo "1223"]
[PlyCount "117"]
[EventDate "2007.??.??"]
[WhiteTeam "SF Köln-Mülheim"]
[BlackTeam "LSV Turm Lippstadt"]

1. e4 c5 2. Nf3 Nc6 3. g3 d6 4. Bg2 Nf6 5. d3 g6 6. Nbd2 Bg7 7. O-O O-O 8. c3
e5 9. a4 a6 10. Re1 Be6 11. Nb3 Qb6 12. Ra3 a5 13. Ng5 Rad8 14. Nxe6 fxe6 15.
Be3 Rd7 16. d4 exd4 17. cxd4 Rfd8 18. d5 exd5 19. exd5 Ne5 20. Bh3 Re7 21. Bd2
Ra8 22. Bxa5 Rxa5 23. Nxa5 Qxa5 24. Rae3 Bh6 25. f4 Qb6 26. Kh1 Qxb2 27. R3e2
Qc3 28. fxe5 Rxe5 29. Rxe5 dxe5 30. d6 e4 31. d7 Nxd7 32. Bxd7 Qf3+ 33. Qxf3
exf3 34. Rf1 c4 35. Be6+ Kg7 36. Bxc4 b6 37. Rxf3 Bd2 38. Rf7+ Kh6 39. Rb7 Ba5
40. Kg2 g5 41. Kf3 Kg6 42. Bd3+ Kf6 43. Rxh7 Ke5 44. Rd7 Kf6 45. Ke4 Kg6 46.
Kd5+ Kh5 47. Be2+ Kg6 48. Kc6 Kf5 49. Bf3 Kg6 50. Rb7 Kf6 51. Rxb6 Bxb6 52.
Kxb6 Ke5 53. a5 Kd4 54. a6 Ke3 55. a7 Kxf3 56. a8=Q+ Kg4 57. Qg2 Kf5 58. Qf3+
Kg6 59. Kc6 1-0

[Event "Wilhelmshavener SF-BSG Chemie Leipzig"]
[Site "?"]
[Date "2007.12.29"]
[Round "5.2"]
[White "Neumann, Florian"]
[Black "Oha, Maximilian"]
[Result "0-1"]
[WhiteElo "1242"]
[BlackElo "1398"]
[PlyCount "84"]
[EventDate "2007.??.??"]

1. e4 e6 2. d4 d5 3. Nd2 c5 4. Ngf3 Nc6 5. Bb5 Qb6 6. Qe2 Nge7 7. exd5 Nxd5 8.
Nc4 Qc7 9. Nce5 Bd7 10. Nxd7 Qxd7 11. Ne5 Qc7 12. c4 O-O-O 13. cxd5 Nxd4 14.
Qd3 Qxe5+ 15. Be3 Rxd5 16. O-O-O Qf5 17. Qxf5 Nxf5 18. Rxd5 exd5 19. Rd1 d4 20.
Bf4 Bd6 21. Bg3 Nxg3 22. hxg3 a6 23. Bc4 f6 24. Re1 Kd7 25. Bd5 b6 26. Bb7 a5
27. Ba6 Kc6 28. Bc4 b5 29. Bd3 c4 30. Be4+ Kb6 31. Bd5 d3 32. Re6 Kc5 33. Bb7
Rd8 34. Kd2 Rd7 35. Bf3 Re7 36. Rxe7 Bxe7 37. b3 Kd4 38. bxc4 bxc4 39. a4 c3+
40. Kd1 c2+ 41. Kd2 Bb4+ 42. Kc1 {Aufgabe Weiss} d2+ 0-1

[Event "SK Ettlingen-SV Empor Berlin"]
[Site "?"]
[Date "2007.12.29"]
[Round "5.2"]
[White "Weber, Clemens"]
[Black "Moritz, Aron"]
[Result "1/2-1/2"]
[WhiteElo "1326"]
[BlackElo "1646"]
[PlyCount "70"]
[EventDate "2007.??.??"]
[WhiteTeam "SK Ettlingen"]
[BlackTeam "SV Empor Berlin"]

1. e4 c5 2. Nf3 d6 3. d4 cxd4 4. Qxd4 Nc6 5. Bb5 Bd7 6. Bxc6 Bxc6 7. Nc3 Nf6 8.
Bg5 e6 9. O-O-O Be7 10. Qd3 Qa5 11. h4 Rc8 12. Nd4 O-O 13. f4 Rfe8 14. a3 a6
15. Rde1 b5 16. e5 dxe5 17. fxe5 Nd5 18. Nxc6 Rxc6 19. Nxd5 exd5 20. Bxe7 Rxe7
21. Qxd5 Qc7 22. Qd2 Rc5 23. Rd1 Rcxe5 24. Rhe1 Rxe1 25. Rxe1 Rxe1+ 26. Qxe1 g6
27. g3 Qd6 28. Qe3 Kg7 29. c3 Qe6 30. Qd4+ Qf6 31. Qd2 Qf1+ 32. Kc2 Qf5+ 33.
Kc1 Qe5 34. Qf2 h6 35. Kc2 Qe4+ 1/2-1/2

[Event "SC Einheit Bautzen-SG Porz 47"]
[Site "?"]
[Date "2007.12.29"]
[Round "5.2"]
[White "Hase, Albert"]
[Black "Mehler, Simon"]
[Result "1-0"]
[WhiteElo "1479"]
[BlackElo "1395"]
[PlyCount "85"]
[EventDate "2007.??.??"]

1. d4 d5 2. c4 Nf6 3. Nc3 Bf5 4. Bg5 c6 5. e3 Nbd7 6. Nf3 e6 7. cxd5 exd5 8.
Bd3 Bg6 9. O-O Be7 10. Qc2 Qc7 11. h3 Nb6 12. a3 O-O 13. Bxf6 Bxf6 14. Bxg6
fxg6 15. b4 a6 16. Rfc1 Nc4 17. Nb1 Be7 18. Nbd2 Nd6 19. Rab1 Rac8 20. a4 b5
21. axb5 Nxb5 22. Qa4 Ra8 23. Ne5 Rf6 24. Nb3 Bd6 25. Rxc6 Qb7 26. Na5 Qb8 27.
Nd7 Qe8 28. Nxf6+ gxf6 29. Qd1 Bc7 30. Rbc1 Bxa5 31. bxa5 Qd8 32. Qf3 f5 33.
R6c5 Kh8 34. Qxd5 Qxd5 35. Rxd5 Rb8 36. Rdc5 Kg7 37. Rc6 Ra8 38. Rb1 Kg8 39.
Rb6 Kg7 40. g3 Nc3 41. Rb7+ Kh6 42. R1b6 Na4 43. Rc6 1-0

[Event "SC Einheit Bautzen-SG Porz 47"]
[Site "?"]
[Date "2007.12.29"]
[Round "5.4"]
[White "Röpke, Markus"]
[Black "Priesmann, Dominik"]
[Result "0-1"]
[WhiteElo "1138"]
[BlackElo "796"]
[PlyCount "98"]
[EventDate "2007.??.??"]
[WhiteTeam "SC Einheit Bautzen"]
[BlackTeam "SG Porz 47"]

1. e4 e5 2. Nf3 Nc6 3. Bc4 Bc5 4. c3 d6 5. d4 Bb6 6. dxe5 Nxe5 7. Nxe5 dxe5 8.
Qxd8+ Kxd8 9. Bxf7 Nf6 10. Bg5 Rf8 11. Bxf6+ gxf6 12. Bc4 f5 13. exf5 Bxf5 14.
O-O c6 15. Nd2 e4 16. Rad1 Kc7 17. Nb3 Rad8 18. Rxd8 Rxd8 19. h3 e3 20. fxe3
Bxe3+ 21. Kh1 Bc2 22. Rf3 Bxb3 23. Bxb3 Bc1 24. Rf2 Rd2 25. Rf7+ Rd7 26. Rf2
Rd2 27. Rxd2 Bxd2 28. Bc2 h6 29. Kh2 Kd6 30. Kg3 Ke5 31. Kf3 b5 32. Be4 c5 33.
Ke2 Bxc3 34. bxc3 Kxe4 35. g4 Kf4 36. Kf2 c4 37. a3 a6 38. Kg2 Ke3 39. h4 Kf4
40. Kh3 a5 41. h5 b4 42. axb4 axb4 43. cxb4 c3 44. b5 c2 45. b6 c1=Q 46. b7
Qc3+ 47. Kh2 Qg3+ 48. Kh1 Kf3 49. b8=Q Qg2# 0-1

[Event "USV Potsdam-SF Brackel Dortmund"]
[Site "?"]
[Date "2007.12.29"]
[Round "5.4"]
[White "Werthmann, Nils"]
[Black "Birnkraut, Tim"]
[Result "1/2-1/2"]
[WhiteElo "1067"]
[BlackElo "1007"]
[PlyCount "85"]
[EventDate "2007.??.??"]

1. c4 e5 2. Nc3 Nc6 3. g3 Nf6 4. Bg2 Bb4 5. Nf3 d6 6. O-O Be6 7. b3 Qd7 8. Re1
e4 9. Ng5 Bxc3 10. dxc3 Bf5 11. f3 exf3 12. exf3+ Ne7 13. f4 h6 14. Nf3 Bh3 15.
Bh1 O-O 16. Nd4 c5 17. Nb5 Rfe8 18. Nxd6 Red8 19. Bxb7 Rab8 20. Ba3 Nf5 21.
Nxf5 Qxf5 22. Qf3 Qc2 23. Bd5 Qf5 24. Rad1 Bg4 25. Qd3 Qxd3 26. Rxd3 Re8 27.
Rde3 Red8 28. Re5 Rbc8 29. Bxc5 Rxc5 30. Bxf7+ Kxf7 31. Rxc5 Kg6 32. Rc7 a6 33.
Ra7 Rd3 34. Rxa6 Rxc3 35. Rf1 Rc2 36. Rf2 Rc1+ 37. Kg2 Kh7 38. f5 Ne4 39. Rf4
Rc2+ 40. Kg1 Rc1+ 41. Kg2 Rc2+ 42. Kg1 Rc1+ 43. Kg2 {
Stellungswiederholung-Remis} 1/2-1/2

[Event "SV Stuttgart-Wolfbusch-SF Baiertal-Scha"]
[Site "?"]
[Date "2007.12.29"]
[Round "5.4"]
[White "Baumann, Oliver"]
[Black "Gutenkunst, Lukas"]
[Result "1-0"]
[WhiteElo "888"]
[BlackElo "768"]
[PlyCount "29"]
[EventDate "2007.??.??"]

1. e4 e5 2. Nf3 Nc6 3. Bc4 Nf6 4. Nc3 Bb4 5. O-O d6 6. Ng5 d5 7. exd5 Nxd5 8.
Nxd5 O-O 9. Qh5 h6 10. Ne4 Bd6 11. d4 exd4 12. Ndf6+ Kh8 13. Bxh6 g6 14. Bg7+
Kxg7 15. Qh7# 1-0

[Event "SV Unterkochen-SC Vaterstetten"]
[Site "?"]
[Date "2007.12.29"]
[Round "5.1"]
[White "Nitsche-Hahn, Maxim"]
[Black "Zoller, Philipp"]
[Result "1-0"]
[WhiteElo "1425"]
[BlackElo "1049"]
[PlyCount "151"]
[EventDate "2007.??.??"]
[WhiteTeam "SC Vaterstetten"]
[BlackTeam "SV Unterkochen"]

1. d4 Nf6 2. c4 g6 3. Nf3 Bg7 4. e3 O-O 5. Be2 d6 6. Nc3 h6 7. O-O e6 8. b3 Nc6
9. Bb2 Nh7 10. Qc2 f5 11. d5 Ne7 12. dxe6 Bxe6 13. Rfd1 Qe8 14. Nb5 Qc8 15.
Bxg7 Kxg7 16. Qb2+ Nf6 17. Nfd4 Bd7 18. Rac1 a6 19. Nc3 Kh7 20. Nf3 Ne4 21. Qc2
Nxc3 22. Qxc3 Rf7 23. c5 dxc5 24. Qxc5 Nc6 25. Rd2 a5 26. Rcd1 Qe8 27. Bb5 Rc8
28. Nd4 Nxd4 29. Bxd7 Qxd7 30. Rxd4 Qe8 31. Qxa5 h5 32. Qd2 Rf8 33. Rd7+ Rf7
34. Qd5 Rxd7 35. Qxd7+ Qxd7 36. Rxd7+ Kh6 37. Kf1 b6 38. Ke2 c5 39. Kd3 b5 40.
Rd5 c4+ 41. bxc4 bxc4+ 42. Kc3 Ra8 43. Rd2 Rc8 44. a4 Kg7 45. a5 Kf7 46. a6 Ke7
47. a7 Ra8 48. Ra2 Kd7 49. Kxc4 Kc7 50. Kd5 Kb7 51. Ke6 Rxa7 52. Rxa7+ Kxa7 53.
Kf6 Kb7 54. Kxg6 Kc6 55. Kxf5 Kd5 56. Kg5 Ke4 57. Kxh5 Ke5 58. g4 Kf6 59. g5+
Kf7 60. g6+ Kg7 61. f4 Kf6 62. Kh6 Kf5 63. g7 Ke4 64. g8=Q Kxe3 65. h4 Kxf4 66.
Qe6 Kf3 67. Qe5 Kg4 68. Qf6 Kg3 69. Qf5 Kg2 70. Qf4 Kh3 71. Qg5 Kh2 72. Qg4 Kh1
73. Kg5 Kh2 74. Kf4 Kh1 75. Kf3 Kh2 76. Qg2# 1-0

[Event "SC Forchheim-SC Reti Heusweiler"]
[Site "?"]
[Date "2007.12.29"]
[Round "5.2"]
[White "Nöttling, Dominik"]
[Black "Holle, Eric"]
[Result "1/2-1/2"]
[WhiteElo "1755"]
[BlackElo "1340"]
[PlyCount "43"]
[EventDate "2007.??.??"]

1. e4 e5 2. Nf3 Nc6 3. Bb5 a6 4. Ba4 Bc5 5. c3 b5 6. Bc2 Qf6 7. a4 b4 8. d4
exd4 9. e5 Nxe5 10. Qe2 d3 11. Bxd3 d6 12. O-O Ne7 13. Be4 Nxf3+ 14. Bxf3 Rb8
15. Re1 a5 16. Nd2 Qe6 17. Qf1 Qd7 18. Qe2 Qe6 19. Qd1 Qd7 20. Ne4 Ba7 21. Bg5
O-O 22. Qd2 1/2-1/2

[Event "SC Forchheim-SC Reti Heusweiler"]
[Site "?"]
[Date "2007.12.29"]
[Round "5.4"]
[White "Wagner, Robert"]
[Black "Schirra, Felix"]
[Result "1-0"]
[WhiteElo "1483"]
[BlackElo "1216"]
[PlyCount "87"]
[EventDate "2007.??.??"]

1. d4 g6 2. c4 Bg7 3. Nc3 Nc6 4. Nf3 Nf6 5. e4 O-O 6. Be3 d6 7. Bd3 Bd7 8. Qd2
e5 9. d5 Ne7 10. Ng1 c6 11. f3 c5 12. g4 Rb8 13. h4 h5 14. Be2 hxg4 15. fxg4
Bxg4 16. Bxg4 Nxg4 17. h5 f5 18. h6 Bh8 19. h7+ Kg7 20. Bh6+ Nxh6 21. Qxh6+ Kf7
22. Nf3 Bf6 23. Rg1 Qd7 24. exf5 Qxf5 25. Nb5 Rbd8 26. Rf1 Qe4+ 27. Kd1 Qd3+
28. Nd2 Nf5 29. Rxf5 Qxf5 30. Nc7 Rh8 31. Ne6 Rc8 32. Ke2 Qh5+ 33. Qxh5 gxh5
34. Rf1 Ke7 35. Ne4 Bh4 36. Rh1 Bf6 37. Rxh5 Kf7 38. Rf5 Kg6 39. Rxf6+ Kh5 40.
Nxd6 Rb8 41. Nf7 Rxh7 42. Nxe5 Rg8 43. Rf1 b6 44. Rh1# 1-0

[Event "Weisse Dame Hamburg-TuS Makkabi Berlin"]
[Site "?"]
[Date "2007.12.29"]
[Round "5.2"]
[White "Lampert, Jonas"]
[Black "Davydov, Ruven"]
[Result "0-1"]
[WhiteElo "1629"]
[BlackElo "1747"]
[PlyCount "121"]
[EventDate "2007.??.??"]

1. e4 c5 2. Nf3 e6 3. d4 cxd4 4. Nxd4 a6 5. Bd3 Nf6 6. O-O Qc7 7. Be3 Nc6 8.
Nd2 d5 9. exd5 Nxd5 10. Nxc6 Nxe3 11. fxe3 bxc6 12. Qf3 Bd6 13. h3 O-O 14. Qh5
h6 15. Ne4 Be7 16. Nf6+ Bxf6 17. Rxf6 Qg3 18. Rf3 Qg5 19. Qxg5 hxg5 20. Rd1 Rb8
21. b3 Bb7 22. Rf2 Rfd8 23. Rfd2 Kf8 24. Be4 Ke7 25. Kf2 Rxd2+ 26. Rxd2 c5 27.
Bxb7 Rxb7 28. Kf3 f6 29. e4 Rd7 30. Rxd7+ Kxd7 31. a3 a5 32. c3 Kd6 33. Ke3 Ke5
34. b4 cxb4 35. cxb4 axb4 36. axb4 Kd6 37. Kd4 Kc6 38. Kc4 g6 39. g3 f5 40. Kd4
f4 41. gxf4 gxf4 42. e5 g5 43. Ke4 Kb5 44. h4 gxh4 45. Kxf4 Kxb4 46. Kg4 Kc4
47. Kxh4 Kd4 48. Kg4 Kxe5 49. Kf3 Kd4 50. Ke2 Ke4 51. Kd2 Kf3 52. Kd1 e5 53.
Ke1 Ke3 54. Kd1 Kf2 55. Kd2 e4 56. Kc2 e3 57. Kc3 e2 58. Kc4 e1=Q 59. Kc5 Qd2
60. Kc6 Qd4 61. Kb5 0-1

[Event "SV Empor Erfurt-SK Gründau"]
[Site "?"]
[Date "2007.12.29"]
[Round "5.3"]
[White "Zahn, Fabian"]
[Black "Lorenz, Erik"]
[Result "1/2-1/2"]
[WhiteElo "957"]
[BlackElo "1314"]
[PlyCount "73"]
[EventDate "2007.??.??"]

1. e4 c5 2. Nf3 d6 3. Bb5+ Nc6 4. O-O Nf6 5. Re1 Bd7 6. Nc3 a6 7. Ba4 b5 8.
Nxb5 axb5 9. Bxb5 Qb6 10. c4 e6 11. d3 Be7 12. a3 O-O 13. Be3 e5 14. b4 Nd4 15.
Bxd7 Nxf3+ 16. Qxf3 Nxd7 17. Rab1 Qc6 18. b5 Qb7 19. a4 Bd8 20. Qg3 Kh8 21. Bd2
Ba5 22. Qe3 Nb6 23. f4 f6 24. Rf1 Kg8 25. fxe5 fxe5 26. Rxf8+ Kxf8 27. Qf3+ Qf7
28. Qe2 Bxd2 29. Qxd2 Kg8 30. a5 Qc7 31. h3 Nd7 32. Kh2 Qb7 33. a6 Qb6 34. Qc2
Ra7 35. Qc1 Kf8 36. Qf1+ Ke7 37. Qe1 1/2-1/2

[Event "SV Empor Erfurt-SK Gründau"]
[Site "?"]
[Date "2007.12.29"]
[Round "5.4"]
[White "Allin, Alexander"]
[Black "Steppat, Sebastian"]
[Result "1-0"]
[WhiteElo "1233"]
[BlackElo "1002"]
[PlyCount "41"]
[EventDate "2007.??.??"]

1. e4 e6 2. Nf3 d5 3. e5 f6 4. d4 c5 5. c3 a6 6. b3 Nc6 7. Bd3 Qa5 8. Bd2 Qc7
9. Qe2 b5 10. a3 c4 11. Bc2 Nge7 12. b4 a5 13. O-O axb4 14. cxb4 Nf5 15. Bxf5
exf5 16. exf6+ Kd8 17. fxg7 Bxg7 18. Re1 Nxd4 19. Nxd4 Bxd4 20. Bg5+ Kd7 21.
Qe6# 1-0

[Event "SK Ettlingen-SV Empor Berlin"]
[Site "?"]
[Date "2007.12.29"]
[Round "5.3"]
[White "Schmid, Floyd"]
[Black "Schwingen, Dominik"]
[Result "1/2-1/2"]
[WhiteElo "1073"]
[BlackElo "1240"]
[PlyCount "65"]
[EventDate "2007.??.??"]

1. e4 e6 2. d4 d5 3. exd5 exd5 4. Nf3 Nc6 5. Bd3 Nge7 6. c3 Be6 7. Nbd2 Qd7 8.
Nf1 O-O-O 9. Ng3 Ng6 10. b4 Re8 11. O-O Bd6 12. a4 Nf4 13. Bxf4 Bxf4 14. a5 f5
15. b5 Ne7 16. b6 a6 17. Re1 Nc6 18. Ne5 Nxe5 19. dxe5 g6 20. Ra4 Bg5 21. c4
dxc4 22. Bxc4 Qxd1 23. Rxd1 Bxc4 24. Rxc4 c6 25. f4 Bh6 26. Ne2 Rd8 27. Rcd4
Rxd4 28. Rxd4 Rd8 29. Rxd8+ Kxd8 30. g3 g5 31. Nd4 gxf4 32. Nxf5 Bg5 33. Nd6
1/2-1/2

[Event "SK Ettlingen-SV Empor Berlin"]
[Site "?"]
[Date "2007.12.29"]
[Round "5.4"]
[White "Kupferschmid, Gernot"]
[Black "Scheinhütte, Jakob"]
[Result "1-0"]
[WhiteElo "1204"]
[BlackElo "927"]
[PlyCount "73"]
[EventDate "2007.??.??"]

1. e4 e6 2. d4 d5 3. e5 c5 4. c3 Nc6 5. Nf3 Qb6 6. g3 a5 7. a4 Nh6 8. Bb5 Bd7
9. Na3 Nf5 10. Be3 Be7 11. Rc1 O-O 12. O-O f6 13. Re1 Rf7 14. c4 cxd4 15. Nxd4
Nfxd4 16. Bxc6 Bxc6 17. Bxd4 Bc5 18. Bxc5 Qxc5 19. cxd5 Bxd5 20. Rxc5 fxe5 21.
Rxe5 Raf8 22. f3 Rf6 23. Rg5 Bc6 24. Rxa5 h6 25. Rg4 Re8 26. Nc4 Bd5 27. Ne5
Rc8 28. Nd7 Rf7 29. Nb6 Rc6 30. Nxd5 Rf8 31. Ne7+ Kh7 32. Qd3+ Kh8 33. Rxg7
Rc1+ 34. Kf2 Rf5 35. Rg8+ Kh7 36. Rxf5 exf5 37. Qxf5# 1-0

[Event "SC Einheit Bautzen-SG Porz 47"]
[Site "?"]
[Date "2007.12.29"]
[Round "5.3"]
[White "Sabirov, Ramil"]
[Black "Vu Tuan, Minh"]
[Result "1/2-1/2"]
[WhiteElo "1147"]
[BlackElo "1184"]
[PlyCount "73"]
[EventDate "2007.??.??"]

1. e4 c5 2. d4 e6 3. Nf3 cxd4 4. Nxd4 a6 5. Nc3 Qc7 6. Be3 Bb4 7. Qd2 Nf6 8. f3
d5 9. Bd3 e5 10. exd5 exd4 11. Bxd4 Qd7 12. Kd1 O-O 13. Re1 Qd6 14. Qg5 h6 15.
Qh4 Nbd7 16. f4 Bxc3 17. bxc3 Qxd5 18. g3 Qh5+ 19. Qxh5 Nxh5 20. Re3 b5 21. Be4
Rb8 22. Ba7 Bb7 23. Bxb8 Rxb8 24. Bxb7 Rxb7 25. Re8+ Kh7 26. Re7 f6 27. Ke2 Nc5
28. Rxb7 Nxb7 29. Rb1 Na5 30. a4 g6 31. axb5 axb5 32. Rxb5 Nc4 33. Kd3 Nd6 34.
Rd5 Nf5 35. Ke4 Nhg7 36. c4 Ne7 37. Rd7 1/2-1/2

[Event "USV Potsdam-SF Brackel Dortmund"]
[Site "?"]
[Date "2007.12.29"]
[Round "5.2"]
[White "Eichstaedt, Mirko"]
[Black "Reisberg, Andre"]
[Result "1/2-1/2"]
[WhiteElo "1284"]
[BlackElo "1195"]
[PlyCount "67"]
[EventDate "2007.??.??"]

1. e4 e5 2. f4 d5 3. exd5 exf4 4. Nf3 Nf6 5. Nc3 Nxd5 6. Bc4 Nxc3 7. bxc3 Bg4
8. O-O Be7 9. h3 Bh5 10. Rb1 Nc6 11. d4 O-O 12. Bxf4 Bd6 13. Qd2 Bg6 14. Bd3
Bxd3 15. cxd3 b6 16. Ng5 h6 17. Ne4 Qd7 18. Bxh6 Qe7 19. Nxd6 Qxd6 20. Bf4 Qd7
21. Be5 Rae8 22. Rbe1 Re7 23. Re4 Nxe5 24. Rxe5 Rxe5 25. dxe5 Qd5 26. d4 c5 27.
Re1 Rd8 28. Rd1 Kf8 29. Kf2 Ke8 30. Ke3 Qe6 31. Ke2 Qc4+ 32. Ke3 Qd5 33. Kf4
Ke7 34. Ke3 1/2-1/2

[Event "SV Stuttgart-Wolfbusch-SF Baiertal-Scha"]
[Site "?"]
[Date "2007.12.29"]
[Round "5.2"]
[White "Dölker, Kai"]
[Black "Müller, Maiko"]
[Result "1-0"]
[WhiteElo "1221"]
[BlackElo "1208"]
[PlyCount "113"]
[EventDate "2007.??.??"]

1. d4 d5 2. c4 c6 3. Bf4 Bf5 4. e3 Nf6 5. Nf3 e6 6. Nc3 Nbd7 7. cxd5 exd5 8.
Bd3 Be4 9. Bxe4 dxe4 10. Nd2 Bb4 11. O-O Bxc3 12. bxc3 O-O 13. Rb1 Rb8 14. Bxb8
Qxb8 15. Qb3 b6 16. c4 Re8 17. h3 Qd6 18. Qb4 c5 19. Qc3 Re6 20. d5 Re5 21. f3
Rg5 22. f4 Rg3 23. Qc2 Rxe3 24. Nb3 Nf8 25. Qf2 Rd3 26. Rfd1 Rxd1+ 27. Rxd1 Ng6
28. f5 Ne5 29. Nd2 Nd3 30. Qe3 Qf4 31. Qxf4 Nxf4 32. Kf2 Kf8 33. h4 Ke7 34. g3
Nd3+ 35. Ke3 Ng4+ 36. Ke2 Nf6 37. Rf1 Kd6 38. Ke3 Ke5 39. Nf3+ Kxf5 40. Ng5+
Kg4 41. Nxe4 Nxe4 42. Kxe4 Nb4 43. d6 Kxg3 44. d7 Nc6 45. Kd5 Nd8 46. Kd6 Kxh4
47. Ke7 Nc6+ 48. Kxf7 Kg4 49. Rg1+ Kf5 50. Rxg7 Nd8+ 51. Ke8 Nc6 52. d8=Q Nxd8
53. Kxd8 Kf6 54. Rxh7 Ke5 55. Ke7 Kd4 56. Kd6 Kxc4 57. Rxa7 1-0

[Event "SV Stuttgart-Wolfbusch-SF Baiertal-Scha"]
[Site "?"]
[Date "2007.12.29"]
[Round "5.3"]
[White "Herbst, Timothy"]
[Black "Riasanow, Nikita"]
[Result "0-1"]
[WhiteElo "1103"]
[BlackElo "1252"]
[PlyCount "68"]
[EventDate "2007.??.??"]

1. c4 e6 2. d4 d5 3. c5 Bd7 4. Nc3 g6 5. g3 Bg7 6. Nf3 Ne7 7. Bg2 Nbc6 8. O-O
O-O 9. Be3 Nf5 10. Qd2 Nb4 11. a3 Nxe3 12. fxe3 Nc6 13. b4 a6 14. Rab1 Ne7 15.
Ne5 c6 16. Na4 Bxe5 17. dxe5 Qc7 18. Nb6 Rad8 19. Qd4 Nf5 20. Qf4 Be8 21. g4
Ng7 22. Rbd1 h5 23. Qg5 hxg4 24. e4 d4 25. Rd3 Nh5 26. e3 Kg7 27. exd4 f6 28.
exf6+ Rxf6 29. e5 Rxf1+ 30. Kxf1 Qf7+ 31. Kg1 Nf4 32. Rd2 Rxd4 33. Rf2 Rd1+ 34.
Bf1 Nh3+ 0-1